A quel joueur sont ces cheveux N°3 - Statistiques

Statistiques générales
  • Ce quiz a été pris 280 fois
  • Le résultat moyen est 4 sur 10
Statistiques - réponses
Par images Réponse % Correct
Rooney
79%
Pelé
78%
Matuidi
61%
Deschamps
59%
Rabiot
45%
Griezmann
15%
Zlatan
9%
Buffon
8%
Platini
7%
Modric
2%
Aucun quiz correspondant
Distribution des résultats
% des personnes avec chaque résultat
Percentile par nombre de réponses
Votre historique - résultats
Vous n’avez pas pris ce quiz